Vida de Jovellanos / (Record no. 160713)

MARC details
000 -LEADER
campo de control de longitud fija 00654nam a2200193 i 4500
001 - NÚMERO DE CONTROL
campo de control 160713
003 - IDENTIFICADOR DE NÚMERO DE CONTROL
campo de control ES-MaACL
005 - FECHA Y HORA DE LA ÚLTIMA TRANSACCIÓN
campo de control 20251005063125.0
008 - DATOS DE LONGITUD FIJA--INFORMACIÓN GENERAL
campo de control de longitud fija 931025s1865 sp |||| | spa d
040 ## - FUENTE DE CATALOGACIÓN
Centro catalogador/agencia de origen AS
Lengua de catalogación spa
Centro/agencia transcriptor PAB
100 1# - ENTRADA PRINCIPAL--NOMBRE DE PERSONA
Nombre de persona Nocedal, Cándido,
Fechas asociadas al nombre 1821-1885
9 (RLIN) 130505
245 10 - MENCIÓN DEL TÍTULO
Título Vida de Jovellanos /
Mención de responsabilidad, etc. por Cándido Nocedal.
260 ## - PUBLICACIÓN, DISTRIBUCIÓN, ETC.
Lugar de publicación, distribución, etc. Madrid :
Nombre del editor, distribuidor, etc. [s.n.],
Fecha de publicación, distribución, etc. 1865 (
Fabricante Imprenta y estereotipia de M. Rivadeneyra)
300 ## - DESCRIPCIÓN FÍSICA
Extensión 265, [3] p. ;
Dimensiones 18 cm.
596 ## - NOTA AL PIE DE IMPRENTA
NOTA AL PIE DE IMPRENTA Marca tip. en port.
600 14 - PUNTO DE ACCESO ADICIONAL DE MATERIA--NOMBRE DE PERSONA
Nombre de persona Jovellanos, Gaspar Melchor de,
Fechas asociadas al nombre 1744-1811-
Subdivisión general Biografías
9 (RLIN) 67053
852 ## - LOCALIZACIÓN
Ubicación ES-MaACL
Número de control de estantería F-399
Nota libre -- Enc. hol.
Holdings
Estatus retirado Estado de pérdida Estado de daño No para préstamo Colección Biblioteca de origen Biblioteca actual Ubicación en estantería Fecha de adquisición Fuente de adquisición Total de préstamos Signatura topográfica completa Código de barras Visto por última vez Precio de reemplazo Tipo de ítem Koha
        Libros del s. XIX Biblioteca del Ateneo de Madrid Biblioteca del Ateneo de Madrid Depósito 2 17/01/2008     F-399 1168294 23/02/2023 23/02/2023 Libro impreso antiguo